|
|
|
|
| LEADER |
03681nam a22004213i 4500 |
| 001 |
EBC6734014 |
| 003 |
MiAaPQ |
| 005 |
20231204023218.0 |
| 006 |
m o d | |
| 007 |
cr cnu|||||||| |
| 008 |
231204s2020 xx o ||||0 fre d |
| 020 |
|
|
|a 9782759230914
|q (electronic bk.)
|
| 035 |
|
|
|a (MiAaPQ)EBC6734014
|
| 035 |
|
|
|a (Au-PeEL)EBL6734014
|
| 035 |
|
|
|a (OCoLC)1253406679
|
| 040 |
|
|
|a MiAaPQ
|b eng
|e rda
|e pn
|c MiAaPQ
|d MiAaPQ
|
| 100 |
1 |
|
|a Soula, Audrey.
|
| 245 |
1 |
0 |
|a Manger en Ville :
|b Regards Socio-Anthropologiques d'Afrique, d'Amérique Latine et D'Asie.
|
| 264 |
|
1 |
|a Versailles :
|b Quae,
|c 2020.
|
| 264 |
|
4 |
|c {copy}2023.
|
| 300 |
|
|
|a 1 online resource (175 pages)
|
| 336 |
|
|
|a text
|b txt
|2 rdacontent
|
| 337 |
|
|
|a computer
|b c
|2 rdamedia
|
| 338 |
|
|
|a online resource
|b cr
|2 rdacarrier
|
| 490 |
1 |
|
|a Update Sciences and Technologies Series
|
| 505 |
0 |
|
|a Intro -- Table des matières -- Introduction : saisir l'alimentation du point de vue des mangeurs urbains -- Préface -- Partie 1. L'alimentation urbaine au carrefour des injonctions normatives -- Chapitre 1. Tensions autour de l'alimentation de l'enfant dans la ville d'Oran (Algérie) -- Chapitre 2. (S'en) sortir de la cuisine ! Reconfigurations des rapports de genre et pratiques alimentaires à Casablanca -- Chapitre 3. Puis-je manger en toute confiance ? La confiance et la défiance concernant la nourriture chez les jeunes de la classe moyenne indienne en milieu urbain -- Chapitre 4. «τ̔̈2009;Manger dehors » dans les villes de Mexico et de Guadalajara : de quelques tensions entre les dimensions sanitaires et patrimoniales au Mexique -- Partie 2. Quand les pratiques alimentaires rencontrent les paysages urbains -- Chapitre 5. La cuisine urbaine à Brazzaville (république du Congo) -- Chapitre 6. Le warung makan : une cuisine publique au cœur de l'informalité à Jakarta -- Chapitre 7. Chez soi et ailleurs. Alimentation, identité et urbanisation en Malaisie -- Chapitre 8. L'adoption des boissons industrielles sucrées dans la classe moyenne chinoise urbaine. Entre contrôle social et nouveaux contextes de consommation -- Partie 3. Quand la ville invente sa cuisine -- Chapitre 9. Le bâbenda, un «τ̔̈2009;mets traditionnel modernisé ». Trajectoire d'une spécialité culinaire burkinabè en ville -- Chapitre 10. L'attiéké-garba, «τ̔̈2009;bon » à manger et à penser. Contestation des normes d'hygiène et distinction sociale en contexte urbain ivoirien -- Chapitre 11. «τ̔̈2009;La nourriture de la marmite ». Alimentation et socialisation de l'enfant dans deux villes camerounaises -- Chapitre 12. Traditions culinaires modernes de la précarité. Insécurité alimentaire et pratiques quotidiennes au sein de ménages pauvres à Mexico.
|
| 505 |
8 |
|
|a Conclusion : quels enseignements pour étudier les transformations de l'alimentation urbaine ? -- Liste des auteurs.
|
| 588 |
|
|
|a Description based on publisher supplied metadata and other sources.
|
| 590 |
|
|
|a Electronic reproduction. Ann Arbor, Michigan : ProQuest Ebook Central, 2023. Available via World Wide Web. Access may be limited to ProQuest Ebook Central affiliated libraries.
|
| 655 |
|
4 |
|a Electronic books.
|
| 700 |
1 |
|
|a Yount-André, Chelsie.
|
| 700 |
1 |
|
|a Lepiller, Olivier.
|
| 700 |
1 |
|
|a Bricas, Nicolas.
|
| 700 |
1 |
|
|a Hassoun, Jean-Pierre.
|
| 776 |
0 |
8 |
|i Print version:
|a Soula, Audrey
|t Manger en Ville
|d Versailles : Quae,c2020
|
| 797 |
2 |
|
|a ProQuest (Firm)
|
| 830 |
|
0 |
|a Update Sciences and Technologies Series
|
| 856 |
4 |
0 |
|u https://ebookcentral.proquest.com/lib/matrademy/detail.action?docID=6734014
|z Click to View
|